Ο ρόλος του Hanry Kissinger στην Κύπρο και την Μέση Ανατολή : πτυχιακή εργασία

Αποθηκεύτηκε σε:
Λεπτομέρειες βιβλιογραφικής εγγραφής
Κύριος συγγραφέας: Παπαδοπούλου, Αδαμαντία-Ελένη
Άλλοι συγγραφείς: Τσάκωνας, Παναγιώτης Ι. (Εισηγητής διατριβής)
Μορφή: Thesis Βιβλίο
Γλώσσα:Greek
Δημοσίευση: Ρόδος : Πανεπιστήμιο Αιγαίου, Τμήμα Μεσογειακών Σπουδών, 2005.
Θέματα:
Ετικέτες: Προσθήκη ετικέτας
Δεν υπάρχουν, Καταχωρήστε ετικέτα πρώτοι!

MARC

LEADER 00000cam a2200000 i 4500
001 1/89808
008 051123s2005 gre d
035 |l 10081418 
040 |a GR-MY-UA  |b gre  |e aacr 
041 0 |a gre 
082 7 |a 956   |2 (22) 
100 1 |a Παπαδοπούλου, Αδαμαντία-Ελένη. 
245 1 2 |a Ο ρόλος του Hanry Kissinger στην Κύπρο και την Μέση Ανατολή :   |b πτυχιακή εργασία /   |c Παπαδοπούλου Αδαμαντία- Ελένη ; Τσάκωνας Παναγιώτης.  
260 |a Ρόδος :   |b Πανεπιστήμιο Αιγαίου, Τμήμα Μεσογειακών Σπουδών,   |c 2005.  
300 |a 54 σ. :   |b εγχρ. εικ. ;   |c 30 εκ. 
502 |a Πτυχιακή εργασία – Πανεπιστήμιο Αιγαίου, Ρόδος, 2005. 
504 |a Περιέχει βιβλιογραφικές παραπομπές.  
610 2 0 |a University of the Aegean  |x Dissertations. 
650 0 0 |a Dissertations, Academic. 
651 0 |a Middle East  |x Politics and government. 
651 0 |a Cyprus  |x Politics and government. 
700 1 |4 ths  |a Τσάκωνας, Παναγιώτης Ι. 
852 |a INST  |b RHODES  |c DIATR  |e 20051123  |h 956 ΠΑΠ  |p 005400021987  |q 005400021987  |t DIE  |y 23 
852 |a INST  |b RHODES  |c DIATR  |e 20051123  |h 956 ΠΑΠ  |p 005400021988  |q 005400021988  |t DIE  |y 23 
901 |a BIBL4-2005-3 
909 |a Ρ  |b 122619 
909 |a Ρ  |b 122620 
924 |a ΠΑΠΑΔΟΠΟΥΛΟΥ  |b ΑΔΑΜΑΝΤΙΑ-ΕΛΕΝΗ  |y Ρόδος  |z 2005-11 
970 |a ΣΙΔΕΡΗ  |b ΝΕΚΤΑΡΙΑ  |z 2005/10/29